| 000 | 00811nas a2200265 4500 | ||
|---|---|---|---|
| 001 | BR9201143 | ||
| 003 | BR-BrBNA | ||
| 005 | 20231205092346.0 | ||
| 007 | ta | ||
| 008 | 230509b bl.|||p| |||| 00| 00por d | ||
| 040 |
_aBR-BrBNA _bpor _cBiblioteca Nacional de Agricultura |
||
| 041 | _a(Pt) | ||
| 072 | _aF70 | ||
| 100 | 1 | _aHeringer, E.P. | |
| 100 | 1 | _aFerreira, M.B. | |
| 245 | 1 |
_aDois faveiros (um brasileiro e o outro africano)e a sibipiruna _bArvores uteis da regiao geoeconomica do Distrito Federal |
|
| 650 | _aSUCUPIRA | ||
| 650 | _aSIBIPIRUNA | ||
| 650 | _aBOTANICA | ||
| 650 | _aTAXONOMIA VEGETAL | ||
| 650 | _aDISTRITO FEDERAL | ||
| 773 | 0 |
_tCerrado (Brazil) _xISSN 0100-0578 _g(Sep 1973), v. 5(21) p. 29-33 _wBR9201143 |
|
| 909 |
_a202311 _bLúcia _c55 _dLúcia Elande |
||
| 942 |
_2AGRIS _n0 _cANA |
||
| 999 |
_c131168 _d131168 |
||